Teorie a praxe firemních financí

Salvato in:
Dettagli Bibliografici
Autore principale: Brealey, Richard A.
Altri autori: Myers, Stewart C., Allen, Franklin, Golik, Vladimír
Natura: Libro
Lingua:ceco
Pubblicazione: Brno BizBooks 2014
Edizione:2. aktual. vyd.
Soggetti:
Tags: Aggiungi Tag
Nessun Tag, puoi essere il primo ad aggiungerne!!

MARC

LEADER 00000nam a2200000 4500
001 0191969
005 20240314080157.8
020 |a 978-80-265-0028-5 
041 0 |a cze 
044 |a CZ 
245 1 0 |a Teorie a praxe firemních financí  |c Richard A. Brealey, Stewart C. Myers, Franklin Allen ; překlad: Vladimír Golik ... [et al.] 
250 |a 2. aktual. vyd. 
264 1 |a Brno  |b BizBooks  |c 2014 
300 |a 1096 s. 
610 2 0 |a financie podnikové 
610 2 0 |a firmy 
610 2 0 |a hodnota podniku 
610 2 0 |a oceňovanie 
610 2 0 |a akcie 
610 2 0 |a rozhodovanie investičné 
610 2 0 |a portfólio 
610 2 0 |a výnosnosť 
610 2 0 |a výnosy podnikové 
610 2 0 |a papiere cenné 
610 2 0 |a dividendy 
610 2 0 |a politika dividendová 
610 2 0 |a dlhy 
610 2 0 |a dane 
610 2 0 |a opcie 
610 2 0 |a riziko úverové 
610 2 0 |a lízing 
610 2 0 |a analýza finančná 
610 2 0 |a plánovanie finančné 
610 2 0 |a kapitál podnikový 
610 2 0 |a fúzie 
610 2 0 |a reštrukturalizácia 
100 1 |a Brealey, Richard A. 
700 1 |a Myers, Stewart C. 
700 1 |a Allen, Franklin 
700 1 |a Golik, Vladimír